| 000 -LEADER |
| fixed length control field |
01982cam a22004575a 4500 |
| 001 - CONTROL NUMBER |
| control field |
19150725 |
| 005 - DATE AND TIME OF LATEST TRANSACTION |
| control field |
20250327121344.0 |
| 008 - FIXED-LENGTH DATA ELEMENTS--GENERAL INFORMATION |
| fixed length control field |
160624s2018 at b 001 0 eng d |
| 010 ## - LIBRARY OF CONGRESS CONTROL NUMBER |
| LC control number |
2016945888 |
| 020 ## - INTERNATIONAL STANDARD BOOK NUMBER |
| International Standard Book Number |
9781305968769 |
| 020 ## - INTERNATIONAL STANDARD BOOK NUMBER |
| International Standard Book Number |
9781305968899 |
| 020 ## - INTERNATIONAL STANDARD BOOK NUMBER |
| International Standard Book Number |
130596876X |
| 035 ## - SYSTEM CONTROL NUMBER |
| System control number |
(OCoLC)ocn953710128 |
| 040 ## - CATALOGING SOURCE |
| Original cataloging agency |
BTCTA |
| Language of cataloging |
eng |
| Transcribing agency |
BTCTA |
| Modifying agency |
YDXCP |
| -- |
LTSCA |
| -- |
OCLCF |
| -- |
DLC |
| 042 ## - AUTHENTICATION CODE |
| Authentication code |
lccopycat |
| 050 00 - LIBRARY OF CONGRESS CALL NUMBER |
| Classification number |
HV8138 |
| Item number |
.H476 2018 |
| 082 04 - DEWEY DECIMAL CLASSIFICATION NUMBER |
| Classification number |
363.20973 |
| Author Mark |
HES |
| 100 1# - MAIN ENTRY--PERSONAL NAME |
| Personal name |
Hess, Kären M., |
| Dates associated with a name |
1939- |
| 9 (RLIN) |
128539 |
| 245 10 - TITLE STATEMENT |
| Title |
Introduction to law enforcement and criminal justice / |
| Statement of responsibility, etc. |
Kären Matison Hess, Ph. D, President, Institute for Professional Development Former Instructor, Normandale Community College, Bloomington, Minnesota, Christine Hess Orthmann, M.S., Orthmann Writing and Research, Rosemount, Minnesota, SGT. Henry Lim Cho, M.A., Rosemount (Minnesota), Police Department (Retired). |
| 250 ## - EDITION STATEMENT |
| Edition statement |
Twelfth edition. |
| 264 #1 - PRODUCTION, PUBLICATION, DISTRIBUTION, MANUFACTURE, AND COPYRIGHT NOTICE |
| Place of production, publication, distribution, manufacture |
Australia ; |
| -- |
Stamford, CT : |
| Name of producer, publisher, distributor, manufacturer |
Cengage Learning, |
| Date of production, publication, distribution, manufacture, or copyright notice |
[2018] |
| 264 #4 - PRODUCTION, PUBLICATION, DISTRIBUTION, MANUFACTURE, AND COPYRIGHT NOTICE |
| Date of production, publication, distribution, manufacture, or copyright notice |
c2015 |
| 300 ## - PHYSICAL DESCRIPTION |
| Extent |
xxviii, 636 pages : |
| Other physical details |
illustrations ; |
| Dimensions |
26 cm |
| 336 ## - CONTENT TYPE |
| Content type term |
text |
| Content type code |
txt |
| Source |
rdacontent |
| 337 ## - MEDIA TYPE |
| Media type term |
unmediated |
| Media type code |
n |
| Source |
rdamedia |
| 338 ## - CARRIER TYPE |
| Carrier type term |
volume |
| Carrier type code |
nc |
| Source |
rdacarrier |
| 504 ## - BIBLIOGRAPHY, ETC. NOTE |
| Bibliography, etc. note |
Includes bibliographical references and indexes. |
| 650 #0 - SUBJECT ADDED ENTRY--TOPICAL TERM |
| Topical term or geographic name entry element |
Law enforcement |
| Geographic subdivision |
United States. |
| 9 (RLIN) |
128540 |
| 650 #0 - SUBJECT ADDED ENTRY--TOPICAL TERM |
| Topical term or geographic name entry element |
Crime |
| Geographic subdivision |
United States. |
| 9 (RLIN) |
128541 |
| 650 #0 - SUBJECT ADDED ENTRY--TOPICAL TERM |
| Topical term or geographic name entry element |
Criminal justice, Administration of |
| Geographic subdivision |
United States. |
| 9 (RLIN) |
128402 |
| 650 #7 - SUBJECT ADDED ENTRY--TOPICAL TERM |
| Topical term or geographic name entry element |
Crime. |
| Source of heading or term |
fast |
| Authority record control number or standard number |
(OCoLC)fst00882984 |
| 9 (RLIN) |
128542 |
| 650 #7 - SUBJECT ADDED ENTRY--TOPICAL TERM |
| Topical term or geographic name entry element |
Criminal justice, Administration of. |
| Source of heading or term |
fast |
| Authority record control number or standard number |
(OCoLC)fst00883246 |
| 9 (RLIN) |
94309 |
| 650 #7 - SUBJECT ADDED ENTRY--TOPICAL TERM |
| Topical term or geographic name entry element |
Law enforcement. |
| Source of heading or term |
fast |
| Authority record control number or standard number |
(OCoLC)fst00993931 |
| 9 (RLIN) |
128454 |
| 651 #7 - SUBJECT ADDED ENTRY--GEOGRAPHIC NAME |
| Geographic name |
United States. |
| Source of heading or term |
fast |
| Authority record control number or standard number |
(OCoLC)fst01204155 |
| 700 1# - ADDED ENTRY--PERSONAL NAME |
| Personal name |
Orthmann, Christine M. H. |
| 9 (RLIN) |
128543 |
| 700 1# - ADDED ENTRY--PERSONAL NAME |
| Personal name |
Cho, Henry Lim. |
| 9 (RLIN) |
128544 |
| 906 ## - LOCAL DATA ELEMENT F, LDF (RLIN) |
| a |
7 |
| b |
cbc |
| c |
copycat |
| d |
2 |
| e |
ncip |
| f |
20 |
| g |
y-gencatlg |
| 942 ## - ADDED ENTRY ELEMENTS (KOHA) |
| Source of classification or shelving scheme |
|
| Koha item type |
Book |